Fundamentals of electric circuits / (Record no. 17690)

MARC details
000 -LEADER
fixed length control field 00841nac a22002531u 4500
008 - FIXED-LENGTH DATA ELEMENTS--GENERAL INFORMATION
fixed length control field 131028s2013 nyu|||||r|||| 001 0 eng d
010 ## - LIBRARY OF CONGRESS CONTROL NUMBER
LC control number 2005052270
020 ## - INTERNATIONAL STANDARD BOOK NUMBER
International Standard Book Number 1259071391
020 ## - INTERNATIONAL STANDARD BOOK NUMBER
International Standard Book Number 9781259071393
035 ## - SYSTEM CONTROL NUMBER
System control number (OCoLC)ocm61204475
082 00 - DEWEY DECIMAL CLASSIFICATION NUMBER
Classification number 621.31924
Item number ALE
Edition number 22
100 ## - MAIN ENTRY--PERSONAL NAME
Personal name Alexander, Charles K.
9 (RLIN) 34244
245 10 - TITLE STATEMENT
Title Fundamentals of electric circuits /
Statement of responsibility, etc Charles K. Alexander, Matthew N.O. Sadiku.
250 ## - EDITION STATEMENT
Edition statement 5th ed.
260 ## - PUBLICATION, DISTRIBUTION, ETC. (IMPRINT)
Place of publication, distribution, etc New York:
Name of publisher, distributor, etc McGraw-Hill,
Date of publication, distribution, etc 2013
300 ## - PHYSICAL DESCRIPTION
Extent xxii, 905, [117] p. :
Other physical details ill. ;
Dimensions 27 cm.
504 ## - BIBLIOGRAPHY, ETC. NOTE
Bibliography, etc Includes bibliographical references(B1-B2) and index.
511 ## - PARTICIPANT OR PERFORMER NOTE
Participant or performer note catalogued by: wessam
650 #0 - SUBJECT ADDED ENTRY--TOPICAL TERM
Topical term or geographic name as entry element Electric circuits.
9 (RLIN) 34245
653 ## - INDEX TERM--UNCONTROLLED
Resource For college
Arrived date list October2013
655 ## - INDEX TERM--GENRE/FORM
Form subdivision
-- 34232
700 1# - ADDED ENTRY--PERSONAL NAME
Personal name Sadiku, Matthew N. O.
9 (RLIN) 34246
942 ## - ADDED ENTRY ELEMENTS (KOHA)
Item type NB - Book (Non borrowing)
Call number prefix 621.31924ALE
Source of classification or shelving scheme Dewey Decimal Classification
Holdings
Withdrawn status Item status Source of classification or shelving scheme Damaged status Not for loan Vendor Home library Current library Shelving location Date acquired Source of acquisition Total Checkouts Total Renewals Full call number Barcode Date last seen Date last borrowed Koha item type
    Dewey Decimal Classification     Baccah Central Library Central Library First floor 28/10/2013   7 67 621.31924 ALE 000029542 15/07/2025 02/12/2024 Book - Borrowing